| 000 | 02000nam a2200277 i 4500 | ||
|---|---|---|---|
| 003 | DO-SdBNP | ||
| 005 | 20250602111318.0 | ||
| 007 | ta | ||
| 008 | 250602b2024 dr a|||j |||| 00| 0 spa d | ||
| 020 | _a9789945945712 | ||
| 040 |
_aDO-SdBNP _bspa _cBNPHU _erda |
||
| 082 |
_axxxx _bG261 _222 |
||
| 100 | 1 |
_aGatón, Iván _eautor _4aut. _987224 |
|
| 245 | 0 | 4 |
_aLas súper Maravillas de la primada de américa 2: _bla Española, destino del viaje que cambió para siempre la historia de la humanidad / _cIván Gatón : ilustraciones, Wilfredo Castillo Nolasco |
| 264 | 1 |
_aSanto Domingo : _bEditora Amigos del Hogar, _c2024. |
|
| 300 |
_a30 páginas : _bilustraciones _c28 cm. |
||
| 336 |
_atexto _btxt _2rdacontent |
||
| 337 |
_asin mediación _bn _2rdamedia |
||
| 338 |
_avolumen _bnc _2rdacarrier |
||
| 500 | _aIncluye datos biografícos del autor en la página 1. | ||
| 520 | _aLa dignidad histórica de nuestro pueblo debe ser recontextualizada: sería un grave error pasar por alto sus orígenes, así como los eventos que tuvieron lugar en lo que hoy podemos llamar República Dominicana y de los actores de los mismos, los cuales incidieron en el cambio que, para siempre, experimentó la humanidad a partir de la llegada de los europeos el 12 de octubre de 1492 al llamado “Nuevo Mundo”. Lo que nos motivó a tomar la decisión de realizar un cómic que permitiera a los niños y jóvenes dominicanos acercarse a sus eslabones históricos es la inocultable realidad de que no somos conscientes de la importancia y la trascendencia que tiene nuestro espacio territorial en el proceso conocido como modernidad. Los pueblos sin memoria están condenados a desaparecer en el fortuito ir y venir de los tiempos, y este trabajo es el modesto aporte que hacemos en estos momentos cruciales para el futuro de la República Dominicana. | ||
| 590 | _aInventariado, 2025/ YL | ||
| 700 | 1 |
_aCastillo Nolasco, Wilfredo _eilustraciones _4il. _987942 |
|
| 910 | _aYLockward | ||
| 942 |
_2ddc _cLF2 |
||
| 999 |
_c58449 _d58449 |
||